The Soviet perspective on the Strategic Defense Initiative /

Bibliographic Details
Main Author: Mikheev, Dmitriĭ, 1941-
Format: Book
Language:English
Published: Washington : Pergamon-Brassey's International Defense Publishers, 1987.
Series:Foreign policy report.
Subjects:

MARC

Tag First Indicator Second Indicator Subfields
LEADER 00000cam a2200000 a 4500
001 in00000007943
005 20151002070100.0
008 870129s1987 dcu b 00010 eng
010 |a  87002313  
020 |a 0080357482 (pbk.) :  |c $9.95 
035 |a (OCoLC)15195143 
035 |9 AAA0286AM 
040 |a DLC  |c DLC  |d TXA  |d UtOrBLW 
043 |a e-ur---  |a n-us--- 
050 0 0 |a UG743  |b .M55 1987 
100 1 |a Mikheev, Dmitriĭ,  |d 1941- 
245 1 4 |a The Soviet perspective on the Strategic Defense Initiative /  |c Dmitry Mikheyev. 
264 1 |a Washington :  |b Pergamon-Brassey's International Defense Publishers,  |c 1987. 
300 |a xii, 95 pages ;  |c 23 cm. 
336 |a text  |b txt  |2 rdacontent 
337 |a unmediated  |b n  |2 rdamedia 
338 |a volume  |b nc  |2 rdacarrier 
490 1 |a Foreign policy report 
500 |a "A publication of the Institute for Foreign Policy Analysis, Inc." 
504 |a Includes bibliographical references. 
650 0 |a Strategic Defense Initiative. 
651 0 |a Soviet Union  |x Military policy. 
651 0 |a Soviet Union  |x Military relations  |z United States. 
651 0 |a United States  |x Military relations  |z Soviet Union. 
830 0 |a Foreign policy report. 
948 |a c:mc 
999 |a MARS 
999 f f |s 8d72d5c0-91ae-3529-b87e-b6de316d6500  |i 7d9c5364-f971-3ec2-9377-8191a5e77b3a  |t 0